000 00821nam a2200253 a 4500
001 000004234
005 20200929151421.0
008 731106s1973 ag ac b 001 0 spa
020 _a0876200749
040 _aDO-SdBNP
_bspa
_cBNPHU
082 _a799. 32
_bB274t, 1973
100 1 _aBarrett, Jean A.
_912512
240 1 0 _aArchery.
_lEspañol
245 1 0 _aTiro con arco /
_cJean A. Barrett; traducción de la 2a edición Ariel Bignami.
250 _a2a ed.
260 _aBuenos Aires, Argentina :
_bLidiun.,
_c1973.
300 _a114 p. :
_bil., retrs ;
_c21 cm.
490 1 _aGoodyear physical activities
504 _aBibliografía: p. [93]-95.
534 _aTítulo original :
_tArchery
650 4 _aTiro con arco
_912513
700 1 _aBignami, Ariel
_eed.
_912020
830 0 _aGoodyear physical activities
_912514
999 _c4048
_d4048